Introduction to semiconductor materials and devices (Record no. 345)

MARC details
000 -LEADER
Fixed length control field 00439nam a2200169 4500
003 - CONTROL NUMBER IDENTIFIER
Control field SEACOMMC
005 - DATE AND TIME OF LATEST TRANSACTION
Control field 20231109102407.0
008 - FIXED-LENGTH DATA ELEMENTS--GENERAL INFORMATION
Fixed length control field 231109b |||||||| |||| 00| 0 eng d
040 ## - CATALOGING SOURCE
Original cataloging agency SEACOMMC
082 ## - DEWEY DECIMAL CLASSIFICATION NUMBER
Classification number 621.38152
Book Number TYA
100 1# - MAIN ENTRY--PERSONAL NAME
Personal name Tyagi, M.S.
245 1# - TITLE STATEMENT
Title Introduction to semiconductor materials and devices
Statement of responsibility M.S. Tyagi
260 ## - IMPRINT
Place of publication Singapore
Name of publisher John Wiley
Date of publication 2000
650 ## - SUBJECT ADDED ENTRY--TOPICAL TERM
Topical term Engineering
650 ## - SUBJECT ADDED ENTRY--TOPICAL TERM
Topical term Electronics
942 ## - ADDED ENTRY ELEMENTS (KOHA)
Koha item type Books
Holdings
Withdrawn status Lost status Source of classification Damaged status Not for loan Home library Current library Date acquired Total Checkouts Call number Accession number Date last seen Price effective from Koha item type
    Dewey Decimal Classification     SEACOM MANAGEMENT COLLEGE SEACOM MANAGEMENT COLLEGE 19/09/2006   621.38152 TYA 05539 09/11/2023 09/11/2023 Books
© Seacom Engineering College, All rights reserved.    Powered by Koha